000 00738nam a2200205Ia 4500
008 151119s9999||||xx |||||||||||||| ||und||
082 _a823.91
082 _bGKKV19507
100 _aचेस जेम्स ह्डली
245 _aमृगजळ अनु. मधुकर हुद्दार
260 _aपुणे
260 _bप्राजक्ता प्रकाशन
260 _c2001
300 _a135Pp.
600 _aचेस जेम्स ह्डली
630 _aमृगजळ अनु. मधुकर हुद्दार
700 _aचेस जेम्स ह्डली
730 _aमृगजळ अनु. मधुकर हुद्दार
942 _cBOOK
999 _c1072461
_d1072458